01017nas a2200277Ia 4500001001600000003001000016008004100026040002500067041001300092100002000105210002800125222002800153245005500181250001100236260000900247501012300256300001400379362003100393500003400424650004600458700001100504942000700515957000600522999003300528952017800561A09/R108-37001 IT-MiCISF161014c99999999xx |||||||||||| ||und|| aIT-MiCISFcIT-MiCISF aITALIANO aMercuri Rosella aIl consulente familiare aIl consulente familiare 0aIl domani della professione "consulente familiare" a1a ed. c2003 bCISF - Centro Internazionale Studi Famiglia - Via Giotto, 36 20145 MILANO (non commercial uses only)cCopyright 2016 app. 27-33 an. 1, gennaio-marzo [2003] a Tema: consulenti, consulenza aFAMIGLIA - consulenza familiarevarticolo aAA.VV. cCR 71 a37001bSig1c226428d226428 0010406A_09_000000000000000_R1083700171aCISFbCISFd2016-10-14l0oA09/R108-37001 r2016-10-14 00:00:00w2016-10-14yCRzData import 15.10.2016 / by Epidotti, Vaglietti